000 00583nam a2200193Ii 4500
003 JO-AjNU
008 230605s9999||||xx |||||||||||||| ||und||
040 _aJO-AjNU
_bara
_erda
_cJO-AjNU
041 _aara
050 1 4 _aPR6005.H66.F412 1900
100 3 _aكرستي، أجاثا,
_eauthor
_939571
245 0 0 _aبصمات الأصابع
264 3 1 _aبيروت: المكتبة الثقافية، 1900
300 _a112ص
336 _atext
_btxt
_2rdacontent
337 _aunmediated
_bn
_2rdamedia
338 _avolume
_bnc
_2rdacarrier
650 4 _aقصص مترجمة
_939572
999 _aA16723
_c20291
_d20291